| 000 | 01185nam a22003257a 4500 | ||
|---|---|---|---|
| 003 | CHAP | ||
| 005 | 20220329134032.0 | ||
| 008 | 971013s1983 r 00010 d | ||
| 010 | _a14436 | ||
| 011 | _a15408 | ||
| 035 | _a19484 | ||
| 040 | _cCHAP | ||
| 090 | _aTesis | ||
| 100 | 0 | 0 |
_aGonzález Villarreal, Remigio Tomás. _949488 |
| 245 | _aCrecimiento de las hojas y su relación con el desarrollo de la planta de tres genotipos de hábito de crecimiento semideterminado de frijol (Phaseolus vulgaris L.) en Marín, N.L. | ||
| 260 |
_aMonterrey, N.L. : _bEl autor, _c1983 |
||
| 300 |
_a82 h. _b: gráfs |
||
| 502 | _aTesis (Ing. Agrónomo Fitotecnista) -- Univ. Autónoma de Nuevo León. Fac. de Agronomía | ||
| 590 |
_aALEPH _b10 _c20130110 _lUCH01 _h1235 |
||
| 590 |
_aBATCH-UPD _b10 _c20130110 _lUCH01 _h1429 |
||
| 590 |
_aBATCH-UPD _b10 _c20130410 _lUCH01 _h0907 |
||
| 590 |
_aBATCH-UPD _b10 _c20130914 _lUCH01 _h1439 |
||
| 590 |
_aCONVERSION _b10 _c20130109 _lUCH01 _h1309 |
||
| 650 | 1 | 4 |
_aFrijol _xCrecimiento. _943356 |
| 650 | 1 | 4 |
_aFrijol _xHojas. _943392 |
| 650 | 1 | 4 |
_aFrijol _xVariedades. _943446 |
| 901 | _aBK | ||
| 942 | _cTESIS | ||
| 949 |
_bBC _cTES _d-45363 _eTS1 _i19484 _si |
||
| 999 |
_c14436 _d14436 |
||